| 000 | 00763cam a22002175a 4500 | ||
|---|---|---|---|
| 999 |
_c3494 _d3494 |
||
| 005 | 20190427100706.0 | ||
| 008 | 190427t1980 nyua frb 001 0 eng d | ||
| 020 | _a0471030856 | ||
| 040 |
_aEG-ScBUE _beng _cEG-ScBUE _dEG-ScBUE |
||
| 082 | 0 | 4 |
_a697.78 _bLUN _222 |
| 100 | 1 | _aLunde, Peter J. | |
| 245 | 1 | 0 |
_aSolar thermal engineering : _bspace heating and hot water systems / _cPeter J. Lunde. |
| 260 |
_aNew York : _bJohn Wiley & Sons, _cc.1980. |
||
| 300 |
_axxiv, 612 p. : _bill. ; _c24 cm. |
||
| 504 | _aIncludes bibliographical references and index. | ||
| 541 | _aBibliotheca Alexandrina. ; | ||
| 650 | 7 |
_aSolar space heating. _2BUEsh _932734 |
|
| 650 | 7 |
_aSolar water heaters. _2BUEsh |
|
| 651 | _2BUEsh | ||
| 653 |
_bENGCHE _cApril2019 |
||